[Event "ENG-ch Senior 50+"]
[Site "Leamington"]
[Date "2023.05.04"]
[Round "1.1"]
[White "Alldritt, Nigel R"]
[Black "Hebden, Mark L"]
[Result "0-1"]
[WhiteElo "1954"]
[BlackElo "2434"]
[PlyCount "48"]
[EventDate "2023.05.04"]
[EventType "swiss"]
[EventRounds "7"]
[EventCountry "ENG"]
[SourceTitle "BritBase"]
[Source "John Saunders"]
[SourceDate "2023.05.08"]
[SourceVersion "1"]
[SourceVersionDate "2023.05.08"]
[SourceQuality "1"]

1. d4 Nf6 2. c4 g6 3. g3 Bg7 4. Bg2 O-O 5. Nf3 d6 6. O-O Nbd7 7. Nc3 e5 8. e4
a6 9. Re1 c6 10. h3 Re8 11. Be3 b5 12. dxe5 dxe5 13. b4 a5 14. a3 bxc4 15. Bf1
axb4 16. axb4 Rb8 17. Rb1 Ba6 18. Nd2 Nb6 19. Bxb6 Qxb6 20. Nxc4 Qd4 21. Qb3
Bf8 22. Red1 Rxb4 23. Qc2 Rxb1 24. Nxb1 Qxe4 0-1

[Event "ENG-ch Senior 50+"]
[Site "Leamington"]
[Date "2023.05.04"]
[Round "1.2"]
[White "Arkell, Keith C"]
[Black "Hill, Jonathan S"]
[Result "1-0"]
[WhiteElo "2390"]
[BlackElo "2046"]
[PlyCount "145"]
[EventDate "2023.05.04"]
[EventType "swiss"]
[EventRounds "7"]
[EventCountry "ENG"]
[SourceTitle "BritBase"]
[Source "John Saunders"]
[SourceDate "2023.05.08"]
[SourceVersion "1"]
[SourceVersionDate "2023.05.08"]
[SourceQuality "1"]

1. c4 Nf6 2. Nf3 g6 3. d4 Bg7 4. g3 O-O 5. Bg2 d6 6. O-O Nc6 7. Nc3 a6 8. Bf4
Bd7 9. e4 Rb8 10. a4 Nh5 11. Be3 e5 12. h3 Re8 13. a5 exd4 14. Nxd4 Nf6 15. b3
Nxd4 16. Bxd4 Bc6 17. Re1 Nd7 18. Bxg7 Kxg7 19. Rc1 b6 20. axb6 Rxb6 21. Rb1
Qb8 22. Nd5 Bxd5 23. cxd5 Nc5 24. Qd4+ Kg8 25. Re3 Nxb3 26. Qf6 Nd2 27. Rxb6
Qxb6 28. h4 h5 29. Qc3 Qb1+ 30. Kh2 Nf1+ 31. Bxf1 Qxf1 32. Rf3 Qe2 33. Qf6 Rf8
34. Re3 Qg4 35. Qe7 Qc8 36. Rc3 Re8 37. Rxc7 Rxe7 38. Rxc8+ Kg7 39. f3 Ra7 40.
Rc4 a5 41. Ra4 f5 42. exf5 gxf5 43. Kg2 Kf6 44. f4 Ke7 45. Kf2 Kd7 46. Ke3 Kc7
47. Rc4+ Kb7 48. Kd2 Ra6 49. Rc1 Rb6 50. Re1 Rb5 51. Re7+ Kb6 52. Rh7 a4 53.
Rh8 Rxd5+ 54. Kc3 Rb5 55. Rxh5 a3 56. Rh8 a2 57. Ra8 Rb1 58. Rxa2 Rg1 59. Kd4
Rxg3 60. Kd5 Rh3 61. Kxd6 Rxh4 62. Rb2+ Ka5 63. Ke5 Rh5 64. Kf6 Rh1 65. Kxf5
Rf1 66. Ke5 Re1+ 67. Kf6 Rf1 68. f5 Re1 69. Kf7 Rf1 70. f6 Re1 71. Kf8 Rf1 72.
f7 Ka6 73. Rg2 1-0

[Event "ENG-ch Senior 50+"]
[Site "Leamington"]
[Date "2023.05.04"]
[Round "1.3"]
[White "Regan, Natasha K"]
[Black "Davies, Nigel R"]
[Result "0-1"]
[WhiteElo "1981"]
[BlackElo "2379"]
[PlyCount "80"]
[EventDate "2023.05.04"]
[EventType "swiss"]
[EventRounds "7"]
[EventCountry "ENG"]
[SourceTitle "BritBase"]
[Source "John Saunders"]
[SourceDate "2023.05.08"]
[SourceVersion "1"]
[SourceVersionDate "2023.05.08"]
[SourceQuality "1"]

1. Nf3 Nf6 2. c4 e6 3. g3 d5 4. b3 Bd6 5. Bg2 O-O 6. O-O c6 7. d4 Nbd7 8. Nc3
dxc4 9. bxc4 e5 10. d5 Nc5 11. Qc2 cxd5 12. cxd5 Bd7 13. e4 b5 14. a4 b4 15.
Nb5 Bxb5 16. axb5 Ncxe4 17. Be3 Qb8 18. Ng5 Rc8 19. Qb1 Nc3 20. Qf5 Rc7 21. b6
axb6 22. Rxa8 Qxa8 23. Ne6 Qc8 24. Nxg7 Qxf5 25. Nxf5 Bc5 26. d6 Ra7 27. Bg5
Nfd5 28. Bh3 f6 29. d7 Rxd7 30. Nh6+ Kg7 31. Bxd7 fxg5 32. Ng4 b3 33. Nxe5 b2
34. Bf5 Kf6 35. Bxh7 Kxe5 36. Re1+ Kd4 37. h4 gxh4 38. gxh4 Nf4 39. Kh2 Bd6 40.
Kg1 Nd3 0-1

[Event "ENG-ch Senior 50+"]
[Site "Leamington"]
[Date "2023.05.04"]
[Round "1.4"]
[White "Wells, Peter K"]
[Black "Ireland, David J"]
[Result "1/2-1/2"]
[WhiteElo "2356"]
[BlackElo "1911"]
[PlyCount "63"]
[EventDate "2023.05.04"]
[EventType "swiss"]
[EventRounds "7"]
[EventCountry "ENG"]
[SourceTitle "BritBase"]
[Source "John Saunders"]
[SourceDate "2023.05.08"]
[SourceVersion "1"]
[SourceVersionDate "2023.05.08"]
[SourceQuality "1"]

1. d4 Nf6 2. Nf3 c5 3. d5 b5 4. Bg5 Qb6 5. a4 b4 6. e3 Ba6 7. a5 Qb7 8. Bxa6
Qxa6 9. c3 h6 10. Bxf6 exf6 11. cxb4 cxb4 12. Qc2 Bd6 13. Qe4+ Kf8 14. Nbd2 g6
15. Nc4 Kg7 16. O-O Bc5 17. Rfc1 Qb5 18. Nd4 Qb7 19. Nb3 Na6 20. Nxc5 Nxc5 21.
a6 Nxa6 22. Nd6 Qb6 23. Qe7 Rhf8 24. Rc4 Nc7 25. Rd1 Nb5 26. Nxb5 Qxb5 27. Rxb4
Qe2 28. Rf1 Rab8 29. Rxb8 Rxb8 30. Qxd7 Rxb2 31. Qxa7 Rd2 32. h3 1/2-1/2

[Event "ENG-ch Senior 50+"]
[Site "Leamington"]
[Date "2023.05.04"]
[Round "1.5"]
[White "Hymer, Barry J"]
[Black "Macfarlane, Donald"]
[Result "1/2-1/2"]
[WhiteElo "1898"]
[BlackElo "2207"]
[PlyCount "43"]
[EventDate "2023.05.04"]
[EventType "swiss"]
[EventRounds "7"]
[EventCountry "ENG"]
[SourceTitle "BritBase"]
[Source "John Saunders"]
[SourceDate "2023.05.08"]
[SourceVersion "1"]
[SourceVersionDate "2023.05.08"]
[SourceQuality "1"]

1. d4 Nf6 2. Nc3 d5 3. Bf4 e6 4. e3 Bd6 5. Nf3 c5 6. dxc5 Bxc5 7. Bd3 O-O 8.
O-O Nc6 9. e4 dxe4 10. Nxe4 Nxe4 11. Bxe4 Qf6 12. Qc1 h6 13. Re1 Bd7 14. c3 a5
15. Bg3 Rfd8 16. Bh4 g5 17. Nxg5 hxg5 18. Bxg5 Qg7 19. Bh6 Qf6 20. Bg5 Qg7 21.
Bh6 Qf6 22. Bg5 1/2-1/2

[Event "ENG-ch Senior 50+"]
[Site "Leamington"]
[Date "2023.05.04"]
[Round "1.6"]
[White "Lewis, Andrew P"]
[Black "Gardiner, Eric D"]
[Result "1/2-1/2"]
[WhiteElo "2230"]
[BlackElo "1830"]
[PlyCount "80"]
[EventDate "2023.05.04"]
[EventType "swiss"]
[EventRounds "7"]
[EventCountry "ENG"]
[SourceTitle "BritBase"]
[Source "John Saunders"]
[SourceDate "2023.05.08"]
[SourceVersion "1"]
[SourceVersionDate "2023.05.08"]
[SourceQuality "1"]

1. c4 e6 2. Nc3 d5 3. d4 Nf6 4. cxd5 exd5 5. Bg5 c6 6. e3 h6 7. Bh4 Be7 8. Qc2
O-O 9. Bd3 Re8 10. Nf3 Ne4 11. Bxe7 Qxe7 12. Bxe4 dxe4 13. Nd2 f5 14. O-O Be6
15. Na4 Nd7 16. Rfc1 Rad8 17. b4 Nb6 18. Nxb6 axb6 19. Rcb1 b5 20. a4 bxa4 21.
Qxa4 f4 22. Qd1 fxe3 23. fxe3 Qg5 24. Qe1 Bd5 25. b5 Ra8 26. bxc6 bxc6 27. Qe2
Kh7 28. Nf1 Reb8 29. h3 Rxb1 30. Rxb1 Ra2 31. Qg4 Qxg4 32. hxg4 Re2 33. Kh2 Kg6
34. Rb7 Kf6 35. Ng3 Rxe3 36. Nh5+ Ke6 37. Nxg7+ Kf6 38. Nh5+ Ke6 39. Ng7+ Kf6
40. Nh5+ Ke6 1/2-1/2

[Event "ENG-ch Senior 50+"]
[Site "Leamington"]
[Date "2023.05.04"]
[Round "1.7"]
[White "McMahon, Paul"]
[Black "Bradbury, Neil H"]
[Result "1/2-1/2"]
[WhiteElo "1898"]
[BlackElo "2215"]
[PlyCount "70"]
[EventDate "2023.05.04"]
[EventType "swiss"]
[EventRounds "7"]
[EventCountry "ENG"]
[SourceTitle "BritBase"]
[Source "John Saunders"]
[SourceDate "2023.05.08"]
[SourceVersion "1"]
[SourceVersionDate "2023.05.08"]
[SourceQuality "1"]

1. e4 c6 2. Nf3 d5 3. exd5 cxd5 4. Ne5 Nc6 5. d4 Nf6 6. c3 g6 7. Bb5 Bd7 8.
Nxd7 Qxd7 9. O-O Bg7 10. Nd2 O-O 11. Qe2 Qc7 12. f4 e6 13. Bd3 Ne7 14. Nf3 Nf5
15. Ne5 Nd6 16. Be3 Nfe4 17. Rac1 f6 18. c4 Qd8 19. Nf3 Rc8 20. c5 Nf5 21. Nd2
Nxe3 22. Qxe3 f5 23. Nf3 a5 24. a3 h6 25. b4 axb4 26. axb4 Ra8 27. Ra1 Qe7 28.
Ne5 Kh7 29. h3 Bf6 30. Kh2 g5 31. g3 Qg7 32. Rg1 Rg8 33. Rxa8 Rxa8 34. Bc2 h5
35. b5 g4 1/2-1/2

[Event "ENG-ch Senior 50+"]
[Site "Leamington"]
[Date "2023.05.04"]
[Round "1.8"]
[White "Dishman, Stephen"]
[Black "Gibbs, Dominic V"]
[Result "1-0"]
[WhiteElo "2259"]
[BlackElo "1879"]
[PlyCount "59"]
[EventDate "2023.05.04"]
[EventType "swiss"]
[EventRounds "7"]
[EventCountry "ENG"]
[SourceTitle "BritBase"]
[Source "John Saunders"]
[SourceDate "2023.05.08"]
[SourceVersion "1"]
[SourceVersionDate "2023.05.08"]
[SourceQuality "1"]

1. d4 e6 2. Nf3 f5 3. c4 Nf6 4. Nc3 c6 5. Bf4 Bb4 6. Qb3 Qe7 7. e3 Bxc3+ 8.
Qxc3 Ne4 9. Qc2 d6 10. Bd3 g5 11. Bg3 Nxg3 12. hxg3 Na6 13. a3 Bd7 14. b4 Nc7
15. c5 dxc5 16. bxc5 Nd5 17. Ne5 Qg7 18. Rb1 b5 19. cxb6 axb6 20. e4 fxe4 21.
Bxe4 c5 22. Bxd5 exd5 23. Rxb6 O-O 24. Rb7 cxd4 25. Nxd7 Rfe8+ 26. Kf1 Rac8 27.
Nf6+ Kf8 28. Nxh7+ Kg8 29. Rxg7+ Kxg7 30. Qd2 1-0

[Event "ENG-ch Senior 50+"]
[Site "Leamington"]
[Date "2023.05.04"]
[Round "1.9"]
[White "Wilson, Matthew R"]
[Black "Rich, Mark C"]
[Result "0-1"]
[WhiteElo "1747"]
[BlackElo "2070"]
[PlyCount "110"]
[EventDate "2023.05.04"]
[EventType "swiss"]
[EventRounds "7"]
[EventCountry "ENG"]
[SourceTitle "BritBase"]
[Source "John Saunders"]
[SourceDate "2023.05.08"]
[SourceVersion "1"]
[SourceVersionDate "2023.05.08"]
[SourceQuality "1"]

1. b3 d6 2. Bb2 e5 3. c4 Bf5 4. Nc3 c6 5. e3 Nf6 6. Nf3 Be7 7. d4 Nbd7 8. h3 h6
9. Ne2 Ne4 10. g4 Bh7 11. Bg2 Qa5+ 12. Nd2 Ndf6 13. a3 O-O 14. b4 Qc7 15. O-O
Rad8 16. Nxe4 Bxe4 17. Ng3 Bxg2 18. Kxg2 Rfe8 19. Qf3 g6 20. h4 Nh7 21. Rh1 Bf8
22. Rac1 Bg7 23. Ne4 Qe7 24. c5 d5 25. Nd6 e4 26. Qg3 Rf8 27. Rcg1 Rd7 28. Bc1
Qe6 29. Kf1 Ra8 30. a4 Kh8 31. Bd2 Bf8 32. h5 Ng5 33. hxg6 fxg6 34. Qe5+ Qxe5
35. dxe5 Kg8 36. Bc3 Bg7 37. Bd4 Re7 38. Ke2 Nf3 39. Rg3 Rf8 40. b5 Kh7 41.
bxc6 bxc6 42. Rb1 Nxe5 43. Bxe5 Bxe5 44. Rgg1 Bxd6 45. cxd6 Ref7 46. Rg2 Rd7
47. a5 Rxd6 48. Rb7+ Kg8 49. Rxa7 Rb8 50. Ra6 Rb2+ 51. Kd1 Kf7 52. Rb6 Rxb6 53.
axb6 c5 54. f4 Rxb6 55. f5 gxf5 0-1

[Event "ENG-ch Senior 50+"]
[Site "Leamington"]
[Date "2023.05.04"]
[Round "1.10"]
[White "Willmoth, Robert F"]
[Black "Parker, Keith"]
[Result "1-0"]
[WhiteElo "2135"]
[BlackElo "1827"]
[PlyCount "96"]
[EventDate "2023.05.04"]
[EventType "swiss"]
[EventRounds "7"]
[EventCountry "ENG"]
[SourceTitle "BritBase"]
[Source "John Saunders"]
[SourceDate "2023.05.08"]
[SourceVersion "1"]
[SourceVersionDate "2023.05.08"]
[SourceQuality "1"]

1. c4 Nf6 2. g3 d5 3. cxd5 Nxd5 4. Bg2 c6 5. Nf3 g6 6. O-O Bg7 7. Re1 e5 8. a3
O-O 9. d3 Nd7 10. Qc2 Re8 11. Bd2 a5 12. e4 Nc7 13. Nc3 Nc5 14. Ne2 N7a6 15.
Nc1 Ne6 16. Bc3 Nd4 17. Nxd4 exd4 18. Bd2 Be6 19. Ne2 Qb6 20. Nf4 Bb3 21. Bxa5
Qb5 22. a4 Qb4 23. Bxb4 Bxc2 24. Bd6 Bf8 25. Bxf8 Kxf8 26. a5 Nb4 27. h4 Nxd3
28. Nxd3 Bxd3 29. Rad1 Bc2 30. Rxd4 Rxa5 31. Rc1 Ra4 32. Rd7 Bxe4 33. Rxb7 Bxg2
34. Kxg2 Re6 35. Rc3 Rf6 36. Rf3 Kg7 37. Rc3 Rd4 38. Rc2 h5 39. Rb6 Rdd6 40. b4
Rd4 41. Rc3 Rd2 42. Rf3 Rdd6 43. Rb7 Rxf3 44. Kxf3 Kf6 45. Ke4 Ke6 46. f3 Rd1
47. Rc7 f5+ 48. Kf4 Rd6 1-0

[Event "ENG-ch Senior 50+"]
[Site "Leamington"]
[Date "2023.05.04"]
[Round "1.11"]
[White "Donnelly, Andrew J"]
[Black "Byron, Alan M"]
[Result "1-0"]
[WhiteElo "1586"]
[BlackElo "2181"]
[PlyCount "65"]
[EventDate "2023.05.04"]
[EventType "swiss"]
[EventRounds "7"]
[EventCountry "ENG"]
[SourceTitle "BritBase"]
[Source "John Saunders"]
[SourceDate "2023.05.08"]
[SourceVersion "1"]
[SourceVersionDate "2023.05.08"]
[SourceQuality "1"]

1. Nf3 Nf6 2. g3 g6 3. Bg2 Bg7 4. O-O O-O 5. c4 d6 6. d4 Nc6 7. Nc3 a6 8. a3 e5
9. e3 Rb8 10. b4 b5 11. c5 e4 12. Nd2 d5 13. Bb2 Ne7 14. a4 c6 15. axb5 axb5
16. Ra7 h5 17. Qa1 Rb7 18. Nb3 Qd7 19. Rxb7 Bxb7 20. Na5 Bc8 21. Ne2 h4 22.
gxh4 Qg4 23. Ng3 Qxh4 24. f3 exf3 25. Bxf3 Ng4 26. Bxg4 Qxg4 27. Qd1 Qh3 28.
Qf3 Bg4 29. Qf2 Bh6 30. Bc1 f5 31. Qg2 Qh4 32. Nxc6 Rd8 33. Nxd8 1-0

[Event "ENG-ch Senior 50+"]
[Site "Leamington"]
[Date "2023.05.04"]
[Round "1.12"]
[White "Crocker, Philip J"]
[Black "Betts, Richard"]
[Result "1-0"]
[WhiteElo "2148"]
[BlackElo "1752"]
[PlyCount "77"]
[EventDate "2023.05.04"]
[EventType "swiss"]
[EventRounds "7"]
[EventCountry "ENG"]
[SourceTitle "BritBase"]
[Source "John Saunders"]
[SourceDate "2023.05.08"]
[SourceVersion "1"]
[SourceVersionDate "2023.05.08"]
[SourceQuality "1"]

1. d4 Nf6 2. c4 g6 3. g3 Bg7 4. Bg2 O-O 5. Nc3 d6 6. Nf3 c5 7. d5 Na6 8. O-O
Nc7 9. a4 b6 10. e4 Nd7 11. Re1 Rb8 12. Bf4 Ne5 13. Nxe5 dxe5 14. Be3 Ne8 15.
a5 Nd6 16. axb6 axb6 17. Qb3 Qc7 18. Nb5 Nxb5 19. cxb5 Bd7 20. Ra6 Bc8 21. Ra4
Rd8 22. Bf1 Kh8 23. Rea1 f5 24. f3 f4 25. Bd2 fxg3 26. hxg3 e6 27. Bc4 exd5 28.
Bxd5 Bb7 29. Bg5 Rf8 30. Bxb7 Rxb7 31. Ra8 Rxa8 32. Rxa8+ Rb8 33. Qd5 Qc8 34.
Rxb8 Qxb8 35. Qd8+ Qxd8 36. Bxd8 Kg8 37. Bxb6 Kf7 38. Ba7 Bh6 39. Kf2 1-0

[Event "ENG-ch Senior 50+"]
[Site "Leamington"]
[Date "2023.05.04"]
[Round "1.13"]
[White "Chantrell, Paul"]
[Black "Josse, Mark"]
[Result "0-1"]
[WhiteElo "1576"]
[BlackElo "2160"]
[PlyCount "128"]
[EventDate "2023.05.04"]
[EventType "swiss"]
[EventRounds "7"]
[EventCountry "ENG"]
[SourceTitle "BritBase"]
[Source "John Saunders"]
[SourceDate "2023.05.08"]
[SourceVersion "1"]
[SourceVersionDate "2023.05.08"]
[SourceQuality "1"]

1. e4 c5 2. Nf3 e6 3. d4 cxd4 4. Nxd4 d6 5. Nc3 a6 6. Be2 b5 7. O-O Bb7 8. Bf3
Qc7 9. a3 Nd7 10. Re1 Ngf6 11. g3 Be7 12. Bg2 Nb6 13. Nb1 Rc8 14. Re2 O-O 15.
b3 Rfe8 16. Bb2 Bf8 17. c3 Nbd7 18. Nd2 g6 19. Rc1 Qb8 20. Nf1 Nc5 21. f3 e5
22. b4 Na4 23. Nb3 Bh6 24. Rcc2 Nxb2 25. Rxb2 Rxc3 26. Nfd2 Nd7 27. Nb1 Rc7 28.
Rbc2 Rec8 29. Na5 Nb6 30. Bh3 Rd8 31. Rxc7 Qxc7 32. Rc2 Nc4 33. Nxc4 bxc4 34.
Nc3 Qb6+ 35. Kh1 Qd4 36. Qe2 Kg7 37. Nd1 d5 38. exd5 Bxd5 39. Nc3 Bb7 40. Bg2
f6 41. h3 Bc8 42. Ne4 Be6 43. Nc5 Bf7 44. Nxa6 Qa1+ 45. Bf1 Qxa3 46. Ra2 Qb3
47. Rb2 Qa4 48. Nc5 Qc6 49. Rc2 Rd4 50. Nb3 Rd8 51. Na5 Qb5 52. Nxc4 Rd4 53.
Ne3 Qxb4 54. Ng4 Qd6 55. Kg2 Bd2 56. Ne3 Bb4 57. h4 Ba5 58. Qb5 Bc7 59. Bc4 e4
60. f4 Rd2+ 61. Kh3 Rxc2 62. Nxc2 Qd1 63. Ne3 Qh1+ 64. Kg4 h5+ 0-1

[Event "ENG-ch Senior 50+"]
[Site "Leamington"]
[Date "2023.05.04"]
[Round "1.14"]
[White "Thompson, Ian D"]
[Black "Cole, Graham L"]
[Result "1-0"]
[WhiteElo "2064"]
[BlackElo "1643"]
[PlyCount "95"]
[EventDate "2023.05.04"]
[EventType "swiss"]
[EventRounds "7"]
[EventCountry "ENG"]
[SourceTitle "BritBase"]
[Source "John Saunders"]
[SourceDate "2023.05.08"]
[SourceVersion "1"]
[SourceVersionDate "2023.05.08"]
[SourceQuality "1"]

1. c4 c5 2. Nc3 Nc6 3. g3 g6 4. Bg2 Bg7 5. Nf3 e6 6. d4 cxd4 7. Nb5 d5 8. cxd5
Qa5+ 9. Qd2 Qxb5 10. dxc6 Ne7 11. Nxd4 Qb6 12. Nb3 O-O 13. cxb7 Bxb7 14. Bxb7
Qxb7 15. O-O Rfd8 16. Qf4 Rac8 17. Bd2 Bxb2 18. Rab1 Bg7 19. Qa4 Qd7 20. Qa3
Nc6 21. Bg5 Qd6 22. Qa4 f6 23. Be3 Qe5 24. Rbc1 Ne7 25. Rxc8 Rxc8 26. Qd7 Bf8
27. Nd4 Rc7 28. Qxe6+ Qxe6 29. Nxe6 Rc2 30. Rd1 Kf7 31. Nxf8 Kxf8 32. Rd2 Rc7
33. g4 g5 34. Rd6 Kf7 35. Bd4 Rc2 36. Rxf6+ Kg8 37. Ra6 Ng6 38. Be3 Rxe2 39.
Bxg5 Ne5 40. Kf1 Rb2 41. h3 Nd3 42. Be3 Nb4 43. Rxa7 Nxa2 44. Kg2 Nc3 45. Bd4
Rb3 46. Rg7+ Kf8 47. Bxc3 Rxc3 48. Rxh7 1-0

[Event "ENG-ch Senior 50+"]
[Site "Leamington"]
[Date "2023.05.04"]
[Round "1.15"]
[White "Wall, Robert"]
[Black "Mason, Donald J"]
[Result "0-1"]
[WhiteElo "1682"]
[BlackElo "2054"]
[PlyCount "60"]
[EventDate "2023.05.04"]
[EventType "swiss"]
[EventRounds "7"]
[EventCountry "ENG"]
[SourceTitle "BritBase"]
[Source "John Saunders"]
[SourceDate "2023.05.08"]
[SourceVersion "1"]
[SourceVersionDate "2023.05.08"]
[SourceQuality "1"]

1. d4 Nf6 2. Nf3 g6 3. Bf4 Bg7 4. e3 O-O 5. h3 d6 6. Bc4 Qe8 7. Nbd2 Nc6 8. a3
e5 9. dxe5 dxe5 10. Bg5 h6 11. Bxf6 Bxf6 12. Ne4 Bg7 13. c3 Kh8 14. g4 f5 15.
gxf5 gxf5 16. Nc5 e4 17. Nd4 Ne5 18. Qe2 Qe7 19. Nde6 b5 20. Bd5 c6 21. Bxc6
Bxe6 22. Nxe6 Qxe6 23. Bxa8 Nd3+ 24. Kd2 Rxa8 25. Kc2 a5 26. Rhg1 a4 27. Rxg7
Qb3+ 28. Kb1 Kxg7 29. f3 Rg8 30. fxe4 Kh8 0-1

[Event "ENG-ch Senior 50+"]
[Site "Leamington"]
[Date "2023.05.04"]
[Round "1.16"]
[White "Henderson, David"]
[Black "Tuke, David"]
[Result "1-0"]
[WhiteElo "2116"]
[BlackElo "1644"]
[PlyCount "75"]
[EventDate "2023.05.04"]
[EventType "swiss"]
[EventRounds "7"]
[EventCountry "ENG"]
[SourceTitle "BritBase"]
[Source "John Saunders"]
[SourceDate "2023.05.08"]
[SourceVersion "1"]
[SourceVersionDate "2023.05.08"]
[SourceQuality "1"]

1. e4 e6 2. d4 d5 3. e5 c5 4. c3 Nc6 5. Nf3 Bd7 6. Be2 Qb6 7. dxc5 Bxc5 8. O-O
Nge7 9. b4 Nxb4 10. cxb4 Bxb4 11. Be3 Bc5 12. Bxc5 Qxc5 13. Nbd2 O-O 14. Nb3
Qa3 15. Nbd4 a6 16. Qc1 Qxc1 17. Rfxc1 Rfc8 18. g3 h6 19. Nd2 Nc6 20. Nxc6 Rxc6
21. Rxc6 Bxc6 22. Rc1 Rc8 23. Nb3 Kf8 24. Kf1 Ke7 25. Ke1 f6 26. f4 g5 27. Nd4
Bd7 28. Rxc8 Bxc8 29. Kd2 gxf4 30. gxf4 fxe5 31. fxe5 Kf7 32. Ke3 Bd7 33. Kf4
b5 34. Nb3 Bc8 35. Bd3 Ke8 36. Kg4 Kf7 37. Kh5 Kg7 38. Nc5 1-0

[Event "ENG-ch Senior 50+"]
[Site "Leamington"]
[Date "2023.05.04"]
[Round "1.17"]
[White "Singhal, Saket"]
[Black "Baer, Bruce L"]
[Result "0-1"]
[WhiteElo "1596"]
[BlackElo "1950"]
[PlyCount "124"]
[EventDate "2023.05.04"]
[EventType "swiss"]
[EventRounds "7"]
[EventCountry "ENG"]
[SourceTitle "BritBase"]
[Source "John Saunders"]
[SourceDate "2023.05.08"]
[SourceVersion "1"]
[SourceVersionDate "2023.05.08"]
[SourceQuality "1"]

1. Nf3 d6 2. e4 g6 3. d4 Bg7 4. Be3 Nf6 5. Bd3 O-O 6. h3 Nc6 7. a3 e5 8. d5 Ne7
9. b4 Nxe4 10. Bxe4 f5 11. Nc3 fxe4 12. Nxe4 Bf5 13. Nfg5 h6 14. g4 Bxe4 15.
Nxe4 Qe8 16. c4 Qf7 17. Rc1 a5 18. b5 b6 19. a4 Kh7 20. h4 Qf3 21. Qxf3 Rxf3
22. Ke2 Rff8 23. h5 g5 24. Bxg5 hxg5 25. Nxg5+ Kh8 26. Ne6 Bh6 27. Rcg1 Bf4 28.
g5 Nf5 29. Nxf8 Rxf8 30. h6 Rg8 31. h7 Rg7 32. g6 Ne7 33. Rg4 Rxg6 34. Kf3 Rf6
35. Ke4 Rf7 36. Rgh4 Bg5 37. Rg4 Bf6 38. Rh6 Bg7 39. Rh5 Bf8 40. f4 exf4 41.
Rxf4 Rxf4+ 42. Kxf4 Ng6+ 43. Ke4 Bg7 44. Kf5 Ne5 45. Ke6 Nxc4 46. Kd7 Bd4 47.
Kxc7 Bc5 48. Rh4 Ne3 49. Rh5 Ng4 50. Kd8 Nf6 51. Rh6 Nxd5 52. Kd7 Nc3 53. Rh4
d5 54. Ke6 d4 55. Kf7 Nd5 56. Kg6 Ne7+ 57. Kf7 Nf5 58. Rh3 Nd6+ 59. Kg6 Nc4 60.
Kf7 d3 61. Kg6 d2 62. Rh1 Ne3 0-1

[Event "ENG-ch Senior 50+"]
[Site "Leamington"]
[Date "2023.05.05"]
[Round "2.1"]
[White "Hebden, Mark L"]
[Black "Crocker, Philip J"]
[Result "1-0"]
[WhiteElo "2434"]
[BlackElo "2148"]
[PlyCount "79"]
[EventDate "2023.05.04"]
[EventType "swiss"]
[EventRounds "7"]
[EventCountry "ENG"]
[SourceTitle "BritBase"]
[Source "John Saunders"]
[SourceDate "2023.05.08"]
[SourceVersion "1"]
[SourceVersionDate "2023.05.08"]
[SourceQuality "1"]

1. d4 d5 2. c4 c6 3. Nf3 Nf6 4. e3 e6 5. Nbd2 Be7 6. Bd3 O-O 7. O-O Nbd7 8. b3
b6 9. Bb2 Bb7 10. Rc1 c5 11. cxd5 Nxd5 12. Bb1 cxd4 13. Nxd4 Rc8 14. Nc4 a6 15.
Qg4 N5f6 16. Qg3 Nc5 17. Rfd1 Nce4 18. Qh3 Ng5 19. Qh4 Nfe4 20. Qg4 f5 21. Qe2
Bd5 22. f3 Nc5 23. b4 Na4 24. Ba1 Qc7 25. Nxf5 Rxf5 26. Nxb6 Qxc1 27. Nxc8 Qxc8
28. Bxf5 Bxf3 29. Bxh7+ Kxh7 30. gxf3 Qc6 31. Rf1 Bxb4 32. Qg2 Be7 33. h4 Nxf3+
34. Qxf3 Qxf3 35. Rxf3 Nc5 36. Rf7 Bxh4 37. Rxg7+ Kh6 38. Rc7 Bg5 39. Bd4 Ne4
40. Rc6 1-0

[Event "ENG-ch Senior 50+"]
[Site "Leamington"]
[Date "2023.05.05"]
[Round "2.2"]
[White "Josse, Mark"]
[Black "Arkell, Keith C"]
[Result "1/2-1/2"]
[WhiteElo "2160"]
[BlackElo "2390"]
[PlyCount "129"]
[EventDate "2023.05.04"]
[EventType "swiss"]
[EventRounds "7"]
[EventCountry "ENG"]
[SourceTitle "BritBase"]
[Source "John Saunders"]
[SourceDate "2023.05.08"]
[SourceVersion "1"]
[SourceVersionDate "2023.05.08"]
[SourceQuality "1"]

1. e4 g6 2. d4 Bg7 3. Nc3 c6 4. Nf3 d5 5. h3 dxe4 6. Nxe4 Nd7 7. Bc4 Ngf6 8.
Qe2 Nxe4 9. Qxe4 Nf6 10. Qe2 O-O 11. O-O Qc7 12. Re1 e6 13. Ne5 Nd5 14. Bb3 b5
15. a4 b4 16. Qc4 Bd7 17. a5 Rfc8 18. Nd3 Rab8 19. Bd2 Bf8 20. Nc5 Rb5 21. Ba4
Rxa5 22. Bxb4 Rxa4 23. Rxa4 Nb6 24. Qa2 Nxa4 25. Qxa4 Be8 26. c3 Bg7 27. Qa3
Ra8 28. Nd3 Qb6 29. Bd6 Qb5 30. Ne5 a5 31. c4 Qb6 32. c5 Qb5 33. Qc3 Ra7 34.
Ra1 a4 35. Nc4 Ra6 36. Be5 Bxe5 37. Nxe5 h5 38. h4 Ra8 39. Nc4 Rd8 40. Nd6 Qe2
41. Re1 Qa6 42. Qe3 Qa7 43. Qe5 Qc7 44. Re3 Qe7 45. g3 Bd7 46. Rf3 f5 47. Ra3
Ra8 48. b3 Bc8 49. Rxa4 Rxa4 50. bxa4 Ba6 51. Qf4 Kg7 52. Qe3 Kh7 53. a5 Kg7
54. Qe5+ Kh7 55. Qe3 Kg7 56. f4 Qd8 57. Qxe6 Qxa5 58. Qe7+ Kg8 59. Qe8+ Kg7 60.
Qf7+ Kh6 61. Qf8+ Kh7 62. Qe7+ Kg8 63. Qe8+ Kh7 64. Qf7+ Kh6 65. Qf8+ 1/2-1/2

[Event "ENG-ch Senior 50+"]
[Site "Leamington"]
[Date "2023.05.05"]
[Round "2.3"]
[White "Davies, Nigel R"]
[Black "Thompson, Ian D"]
[Result "1-0"]
[WhiteElo "2379"]
[BlackElo "2064"]
[PlyCount "85"]
[EventDate "2023.05.04"]
[EventType "swiss"]
[EventRounds "7"]
[EventCountry "ENG"]
[SourceTitle "BritBase"]
[Source "John Saunders"]
[SourceDate "2023.05.08"]
[SourceVersion "1"]
[SourceVersionDate "2023.05.08"]
[SourceQuality "1"]

1. d4 Nf6 2. c4 e6 3. Nc3 d5 4. cxd5 exd5 5. Bg5 Be7 6. e3 c6 7. Bd3 Nbd7 8. h3
O-O 9. Qc2 Re8 10. Bf4 Nf8 11. Nf3 Ng6 12. Bh2 Bf8 13. O-O a6 14. Rab1 c5 15.
dxc5 Bxc5 16. Rfd1 Qe7 17. Na4 Ba7 18. Qc7 Qb4 19. b3 Bb8 20. Qc5 Bxh2+ 21.
Kxh2 Qxc5 22. Nxc5 Ne5 23. Nxe5 Rxe5 24. Rbc1 Nd7 25. Be2 Nb6 26. Bf3 g5 27.
Nd3 Re7 28. Nb4 Be6 29. Nxd5 Nxd5 30. Bxd5 Bxd5 31. Rxd5 h6 32. h4 f6 33. Kh3
Kf7 34. Rc4 Rae8 35. a4 Kg6 36. g4 gxh4 37. Kxh4 Re4 38. Rc7 R8e7 39. Rxe7 Rxe7
40. Rd6 Rc7 41. Rb6 a5 42. Rb5 Rc1 43. Rxa5 1-0